000
00379nam a22001097a 4500
082
_a
954
100
_a
दहिया,पूनम दलाल
_9
73132
245
_a
प्राचीन और मध्यकालीन भारत द्वितीय संस्करण
260
_a
Channai
_b
McGraw Hill
_c
2023
650
_a
इतिहास
942
_c
HIN
999
_c
66276
_d
66276